Vuosikymmenten suosituimmat naisten etunimet 1900-2025 - Statistics

Yleistilastot
  • Tätä visaa on pelattu 290 kertaa
  • Keskiarvotulos 38 / 70
Vastaustilastot
1900 % Oikein
Maria
90%
Maria
90%
Maria
90%
Maria
90%
Maria
90%
Maria
90%
Maria
90%
Anna
82%
Anna
82%
Anna
82%
Anna
82%
Anne
78%
Liisa
71%
Liisa
71%
Aino
69%
Aino
69%
Aino
69%
Aino
69%
Johanna
67%
Johanna
67%
Johanna
67%
Johanna
67%
Olivia
64%
Olivia
64%
Sofia
59%
Sofia
59%
Sofia
59%
Sofia
59%
Sofia
59%
Helena
55%
Helena
55%
Helena
55%
Helena
55%
Leena
55%
Anneli
54%
Anneli
54%
Elina
54%
Emilia
50%
Emilia
50%
Emilia
50%
Emilia
50%
Sari
49%
Hannele
46%
Hannele
46%
Kaarina
46%
Kaarina
46%
Kaarina
46%
Ritva
46%
Helmi
45%
Marjatta
45%
Marjatta
45%
Annikki
42%
Annikki
42%
Susanna
42%
Kristiina
40%
Kristiina
40%
Amanda
37%
Linnea
33%
Tuulikki
33%
Ellen
31%
Ilona
31%
Hilja
27%
Martta
27%
Matilda
25%
Matilda
25%
Matilda
25%
Maarit
24%
Aurora
22%
Aurora
22%
Kyllikki
22%
Ehtoja vastaavia visoja ei löytynyt
Tulosjakauma
Jokaisen tuloksen saaneiden osuus
Persentiili vastausten määrän mukaan
Tuloshistoriasi
Et ole pelannut tätä visaa